000 00488nam a22001577a 4500
999 _c3979
_d3979
008 200709b ||||| |||| 00| 0 eng d
020 _a271080333X
082 0 0 _a627.98
_bL648
100 _93287
_aLe-Tirant, Pierre
245 1 0 _aSeabed reconnaissance and offshore soil mechanism for the installation of petroleum structure /
_cby Pierre Le-Tirant
250 _a1st ed.
260 _aParis
_bIenship
_c1979
300 _axii, 508 p.
650 0 _aPetroleum in submerged lands
942 _cBK